000 02667cam a2200325 i 4500
001 17977868
003 EG-ScBUE
005 20230328093726.0
008 131220s2014 enka f b 001 0deng d
020 _a9780415636315 (pbk)
040 _aDLC
_beng
_erda
_cDLC
_dEG-ScBUE
082 0 4 _a791.03
_222
_bALL
100 1 _aAllain, Paul,
_eauthor.
_938342
245 1 4 _aThe Routledge companion to theatre and performance /
_cPaul Allain and Jen Harvie.
250 _aSecond edition.
264 1 _aLondon ;
_aNew York :
_bRoutledge / Taylor & Francis Group,
_c2014.
300 _axiii, 300 pages :
_billustrations ;
_c24 cm.
336 _2rdacontent
_atext
_btxt
337 _2rdamedia
_aunmediated
_bn
338 _2rdacarrier
_avolume
_bnc
490 0 _aRoutledge companions
504 _aIncludes bibliographical references and index.
520 _a"What is theatre? What is performance? What connects them and how are they different? How have they been shaped by events, people, companies, practices and ideas in the twentieth century and after? And where are they heading next? The Routledge Companion to Theatre and Performance offers some answers to these big questions. It provides an accessible, informative and engaging intro- duction to important people and companies, events, concepts and practices that have def ined the complementary fields of theatre and performance studies. Three easy-to-use alphabetized sections include more than 140 entries on topics and people ranging from performance artist Marina Abramovito directors Vsevolod Meyerhold and Robert Wilson, the Living Theatre's Paradise Now, the haka, multimedia performance, political protest and visual theatre. Each entry includes important historical and contextual information, extensive cross-referencing, detailed analysis and an annotated bibliography. The Routledge Companion to Theatre and Performance is a perfect reference guide for the keen student and the passionate theatre-goer alike. Paul Allain, Professor of Theatre and Performance at the University of Kent, has published extensively on Jerzy Grotowski, Polish and Russian theatre and intercultural performer training processes. Jen Harvie, Professor of Contemporary Theatre and Performance at Queen Mary, University of London, has published widely on relationships between contemporary performance and cultural identities, including in Theatre & the City (2009) and Fair Play - Art, Performance and Neoliberalism (2013)"--
650 7 _aPerforming arts
_vBiography.
_2BUEsh
651 _2BUEsh
653 _bCOMAME
_cJune2015
_cAugust2015
655 _vReading book
700 1 _aHarvie, Jen,
_eauthor.
942 _2ddc
_cBB
999 _c19638
_d19610